000 00720nam a2200217 i 4500
001 124535
003 ES-MaACL
005 20250902054932.0
007 t|
008 070329s1936 sp |||| | spa d
100 1 _aMellerowicz, Konrad.
_979995
245 1 0 _aTeoría económica de las explotaciones /
_cKonrad Mellerowicz ; traducción de la 2ª edición alemana, y anotada por Eladio Sanz Aguado.
260 _aBarcelona :
_bLabor,
_c[1936]
300 _a304 p. ;
_c17 cm.
490 1 _aColección Labor ;
_v380
650 0 7 _aEconomía de la empresa
_2embne
_912022
700 1 _aSanz Aguado, Eladio.
_9103600
830 0 0 _aColección Labor
_v380
_9184254
852 _aES-MaACL
_jE-2852
999 _c124535
_d124535